000 00653nam a2200217Ia 4500
003 OSt
005 20221007083121.0
006 a|||||r|||| 00| 0
007 ta
008 221006b |||||||| |||| 00| 0 eng d
024 _a38,504
037 _cDissertations
040 _aFLL
_cFLL
_beng
041 _2eng
_aeng
100 _aSaini Debi Singh
_9566598
245 0 _aTowards securing social protection to industrial workers in India with special reference to the working of the employees state insurance act, 1948
260 _c1979
300 _axiii,183,ivp
_ccm.
942 _cDIS
_2CC
999 _c1168864
_d1168864